000
00305nam a22001337a 4500
008
181024b xxu||||| |||| 00| 0 eng d
020
_a
9780838536575
041
_a
eng
080
_2
17 ED
_a
6166.053
100
_a
8
101
_a
PED
245
_a
Handbook Of Pediatrics
_c
Kaplan.D.W
942
_2
udc
_c
BK
999
_c
50818
_d
50818